|
|
|
|
| LEADER |
00000 a2200000 4500 |
| 001 |
RU/ROS-EDU.RU/84790 |
| 856 |
4 |
|
|u https://www.ros-edu.ru/book?id=84790
|z Перейти к просмотру издания
|
| 010 |
|
|
|a 978-5-521-05536-4
|
| 100 |
|
|
|a 20170101d2017 |||y0rusy0250
|
| 105 |
|
|
|a y z 000zy
|
| 101 |
0 |
|
|a rus
|
| 102 |
|
|
|a RU
|
| 200 |
1 |
|
|a The Monk
|b Электронный ресурс
|f M. G. Lewis
|
| 700 |
|
1 |
|b M. G.
|a Lewis
|4 070
|
| 330 |
|
|
|a Готический роман М. Льюиса, впервые опубликованный в 1796 году, стал настоящей сенсацией своего времени и остаётся столь же увлекательным для современного читателя. Монах Амбросио покорён прекрасной Матильдой, которая, попав в монастырь в мальчишеском облачении, вызвала его интерес. Удовлетворив свою страсть к Матильде, которая оказывается орудием в руках дьявола, Амбросио не останавливается. У монаха назревает план соблазнения очередной девушки, но его темное прошлое напоминает о себе самым неожиданным и драматичным образом...
|
| 210 |
|
|
|a Москва
|c T8RUGRAM
|d 2017
|
| 610 |
1 |
|
|a художественная литература
|
| 610 |
1 |
|
|a английский язык
|
| 610 |
1 |
|
|a зарубежная проза
|
| 610 |
1 |
|
|a классика
|
| 610 |
1 |
|
|a готический роман
|
| 675 |
|
|
|a 82
|
| 686 |
|
|
|a 84
|2 rubbk
|
| 300 |
|
|
|a Книга находится в премиум-версии платформы «Русский как иностранный».
|
| 215 |
|
|
|a 257 с.
|